Routledge international handbook of the sociology of art and culture (Record no. 785625)

MARC details
000 -LEADER
fixed length control field 00825nam a2200265Ia 4500
003 - CONTROL NUMBER IDENTIFIER
control field OSt
005 - DATE AND TIME OF LATEST TRANSACTION
control field 20220928130207.0
008 - FIXED-LENGTH DATA ELEMENTS--GENERAL INFORMATION
fixed length control field 220927b |||||||| |||| 00| 0 eng d
037 ## - SOURCE OF ACQUISITION
Terms of availability Textual
040 ## - CATALOGING SOURCE
Original cataloging agency SDCL
Transcribing agency SDCL
Language of cataloging eng
041 ## - LANGUAGE CODE
Source of code eng
Language code of text/sound track or separate title eng
100 ## - MAIN ENTRY--PERSONAL NAME
Personal name Hanquinet Laurie Ed.
9 (RLIN) 473094
245 #0 - TITLE STATEMENT
Title Routledge international handbook of the sociology of art and culture
260 ## - PUBLICATION, DISTRIBUTION, ETC.
Place of publication, distribution, etc. London
Name of publisher, distributor, etc. Routledge
Date of publication, distribution, etc. 2016
300 ## - PHYSICAL DESCRIPTION
Extent xx,479p.
Dimensions cm.
650 ## - SUBJECT ADDED ENTRY--TOPICAL TERM
Topical term or geographic name entry element English
700 ## - ADDED ENTRY--PERSONAL NAME
Personal name Savage Mike Ed.
9 (RLIN) 473095
942 ## - ADDED ENTRY ELEMENTS (KOHA)
Classification part Q22, Q6
Koha item type Textual
Source of classification or shelving scheme Colon Classification (CC)
Holdings
Withdrawn status Lost status Damaged status Not for loan Home library Current library Date acquired Source of acquisition Total Checkouts Full call number Barcode Date last seen Price effective from Koha item type
        South Campus Library South Campus Library 2022-09-28 1348, 08/03/2017, Bright Book Service   Q22 Q6 SC1619601 2022-09-28 2022-09-28 Textual
Copyright @ Delhi University Library System